000 00867nam a22002295i 4500
001 175080
003 ES-MaACL
005 20250815103923.0
008 101005s1950 sp f |||| | spa d
080 _a535.8: 537.12
100 0 _aPalacios de Borao, Gonzalo.
_988427
245 1 0 _aSupermicroscopía electrónica /
_cpor Gonzalo Palacios de Borao ; prólogo de Juan M. Torroja.
260 _a[Madrid] :
_bInstituto de Microbiología General y Aplicada,
_c1950.
300 _a160 p. , 73 lám. ;
_c26 cm.
490 1 _aMonografías de ciencia moderna ;
_v21
650 1 4 _aMicroscopia electrónica.
_9143445
700 1 _aTorroja, Juan María.
_9143444
710 2 _aInstituto de Microbiología General y Aplicada.
_9143446
830 0 _aMonografías de ciencia moderna
_v21
_9189470
852 _aES-MaACL
_jE-13287
_xOlim P-555 bis
999 _c175080
_d175080